| 000 | 01207cam a22002054a 4500 | ||
|---|---|---|---|
| 005 | 20250605164009.0 | ||
| 008 | 250528s ||||||||||||||||||||||||d | ||
| 035 | _a15895 | ||
| 020 | _a201403757 | ||
| 040 |
_aGR-AtMCL _bgre _dGR-AtMCL _eAACR2 |
||
| 245 | 1 | _aProlog / Programming for Artificial Intelligence | |
| 250 | _a3rd | ||
| 260 |
_bAddison-Wesley Publishing Company, _c2001 |
||
| 300 | _a680 | ||
| 520 | _aThis book concentrates on the art of using the basic mechanisms of Prolog to solve interesting problems. Foreword, Preface, The Prolog Language, Introduction to Prolog, Syntax and Meaning of Prolog Programs, Lists and Operators and Arithmetic, Using Structures: Example Programs, Controlling Backtracking, Input and Output, More Built-in Predicates, Programming Style and Technique, Operations on Data Structures, Advanced Tree Representations, Prolog in Artificial Intelligence, Basic Problem-Solving Strategies, Best-First Heuristic Search, Problem Decomposition and AND/ OR Graphs, An Expert System Shell, Planning, Machine Learning, Qualitative Reasoning, Game Playing, Meta-Programming, Index. | ||
| 700 | 1 |
_aBratko Ivan _91857 |
|
| 942 | _cBK | ||
| 999 |
_c1443 _d1443 |
||